| 000 | 00366nam a2200157Ia 4500 | ||
|---|---|---|---|
| 008 | 230524s9999 xx 000 0 und d | ||
| 082 |
_a621.38296 _bRAM |
||
| 100 | _aTimothy S. Ramteke | ||
| 245 | 0 | _aNetworks | |
| 250 | _a2ND | ||
| 260 |
_aSINGAPORE _bPearson _c2004 |
||
| 300 | _aXIV;705 | ||
| 500 | _aQuantity Number: 2 | ||
| 650 | _aElectrical | ||
| 942 | _cBK | ||
| 999 |
_c17733 _d17733 |
||